| 000 | 00987nam a2200241 i 4500 | ||
|---|---|---|---|
| 999 |
_c7963 _d7963 |
||
| 001 | 991058478168306706 | ||
| 003 | OSt | ||
| 005 | 20241107183348.0 | ||
| 006 | m o d | | ||
| 007 | cr ||||||||||| | ||
| 008 | 201029s2019 sp a ob 000 0 spa d | ||
| 040 |
_aCDMR _cCDMR _bcat |
||
| 245 | 1 | 0 |
_aDrets i límits del periodisme gràfic _c/ Sindicat de Periodistes de Catalunya ...[et al.] |
| 260 |
_aBarcelona _b: SPC, _c2024 |
||
| 300 | _a33 pàgines | ||
| 650 | 0 |
_aFotoperiodisme _91270 _xDret i legislació _zEspanya |
|
| 710 |
_92905 _aSindicat de Periodistes de Catalunya |
||
| 710 | 2 |
_92834 _aUnió de Professionals de la Imatge i Fotografia de Catalunya |
|
| 710 | 2 |
_9621 _aUnió de Periodistes Valencians |
|
| 710 | 2 |
_9133 _aCol·legi de Periodistes de Catalunya |
|
| 856 |
_uhttps://www.periodistes.cat/sites/default/files/public/continguts/actualitat/2024/10/documents/071124-guia-dels-drets-i-limits-del-periodisme-grafic.pdf _yAccés en línia |
||
| 942 |
_2udc _cFULLET |
||